000
00198nam a2200085Ia 4500
008
120527s9999 xx 000 0 und d
100
_a
McWtyer, J. Lisa
245
_a
The Practical skeptic
942
_c
BK
999
_c
27678
_d
27678